| 000 | 01192nam a2200265 i 4500 | ||
|---|---|---|---|
| 001 | 000028054 | ||
| 003 | DO-SdBNP | ||
| 005 | 20230419135111.0 | ||
| 007 | ta | ||
| 008 | 110414s190? dr r 000 0 spa d | ||
| 040 |
_aDO-SdBNP _bspa _cBNPHU _erda |
||
| 082 |
_a362.8292 _bA472v _222 |
||
| 110 | _955084 | ||
| 245 | 1 | 0 |
_aViolencia contra la mujer : _bmodelo de intervención integral / _cSolange Alvarado Espaillat |
| 264 |
_aSanto Domingo : _bCentro de Atención a Sobrevivientes de Violencia, _c[sin fecha] |
||
| 300 |
_a151 paginas ; _c26 cm. |
||
| 336 |
_2rdaconten. _atexto _btxt |
||
| 337 |
_2rdamedia _asin mediación _bn |
||
| 338 |
_2rdacarrier _avolumen _bnc |
||
| 505 | _aDescripción del modelo de atención en violencia contra las mujeres de la fiscalía del Distrito Nacional 13 -- Del modelo de intervención clínica en el centro de atención a sobrevivientes de violencia 21 -- Programa de terapia individual 27 -- Programa de terapia grupal 35 -- Programa de servicios sociales 83 -- Programa de terapia psico-corporal 87 | ||
| 590 | _aInventariado, 2023 / DG | ||
| 650 | 4 |
_aViolencia contra la mujer _zRepública Diminicana _983290 |
|
| 910 | _aDG | ||
| 942 |
_2ddc _cLBS1 |
||
| 999 |
_c53312 _d53312 |
||